[Event "DMP-III LIGA Senior PK 2020"]
[Site "Bystre"]
[Date "2020.07.09"]
[Round "3.2"]
[White "Socha, Kamil"]
[Black "Dobrzanski, Krzysztof"]
[Result "1/2-1/2"]
[WhiteElo "1817"]
[BlackElo "1722"]
[Annotator "NA RC"]
[PlyCount "64"]
[EventDate "2020.07.05"]
[EventType "team-tourn"]
[EventCountry "POL"]
[SourceTitle "playchess.com"]
[Source "ChessBase"]
[SourceQuality "1"]
[TimeControl "5400+30"]

1. d4 {[%emt 0:01:41]} d5 {[%emt 0:00:00]} 2. c4 {[%emt 0:00:37]} Nf6 {[%emt 0:00:02]} 3. Nf3 {[%emt 0:00:58]} e6 {[%emt 0:01:14]} 4. Nc3 {[%emt 0:00:11]} c6 {[%emt 0:00:21]} 5. Bg5 {[%emt 0:00:16]} Nbd7 {[%emt 0:01:23]} 6. e3 {[%emt 0:00:23]} Be7 {[%emt 0:03:24]} 7. Rc1 {[%emt 0:00:11]} O-O {[%emt 0:02:33]} 8. a3 {[%emt 0:00:17]} Re8 {[%emt 0:09:09]} 9. h3 {[%emt 0:01:16] D63: Queen's Gambit Declined: Classical: 7 Rc1.} a6 {[%emt 0:07:05]} 10. c5 {[%emt 0:01:46] [#]} Qc7 $146 {[%emt 0:08:12]} ({Predecessor:} 10... Nh5 11. Bxe7 Qxe7 12. Be2 Nhf6 13. O-O e5 14. Na4 e4 15. Nd2 Rb8 16. Qb3 Nf8 {½-½ (78) Letelier Martner,R-Rossetto,H Mar del Plata 1951}) 11. Bf4 {[%emt 0:00:41]} Qd8 {[%emt 0:01:20]} 12. Bd3 {[%emt 0:00:29]} Nh5 {[%emt 0:00:38]} 13. Bh2 {[%emt 0:01:15]} g6 {[%emt 0:09:42]} 14. g4 {[%emt 0:05:34]} Ng7 {[%emt 0:01:27]} 15. Bg3 {[%emt 0:01:31]} f6 {[%emt 0:00:56]} 16. h4 {[%emt 0:01:20]} e5 {[%emt 0:01:07]} 17. dxe5 {[%emt 0:01:34]} Nxc5 {[%emt 0:02:00]} 18. exf6 {[%emt 0:23:20]} Nxd3+ {[%emt 0:02:19]} 19. Qxd3 {[%emt 0:00:12]} Bxf6 {[%emt 0:00:19]} 20. g5 {[%emt 0:03:46]} Bf5 {[%emt 0:02:05]} 21. Qe2 {[%emt 0:05:29]} Be7 {[%emt 0:00:58]} 22. Nd4 {[%emt 0:02:47]} Qd7 {[%emt 0:03:44]} 23. Nxf5 {[%emt 0:03:56]} (23. Na4 $142 Qd8 24. O-O) 23... Qxf5 {[%emt 0:00:28]} 24. Qc2 {[%emt 0:01:23]} Qf3 {[%emt 0:01:27]} 25. Rg1 {[%emt 0:00:21]} (25. O-O $17) 25... Rad8 {[%emt 0:04:46]} 26. Qe2 {[%emt 0:01:07]} Qf5 {[%emt 0:01:09]} 27. Qc2 {[%emt 0:04:13]} Qe6 {[%emt 0:02:50]} 28. Ne2 {[%emt 0:01:12]} Bd6 {[%emt 0:02:31]} 29. Nd4 {[%emt 0:02:25]} Qg4 {[%emt 0:01:41]} 30. Qe2 {[%emt 0:01:13]} Qe4 {[%emt 0:02:13]} 31. Bxd6 {[%emt 0:02:37]} Rxd6 {[%emt 0:01:26]} 32. Qg4 {[%emt 0:00:37]} Qxg4 $11 {[%emt 0:04:08]} (32... Qe5 $15) 1/2-1/2

[Event "DMP-III LIGA Senior PK 2020"]
[Site "Bystre"]
[Date "2020.07.09"]
[Round "3.3"]
[White "Palacki, Rafal"]
[Black "Stefanski, Adam"]
[Result "1-0"]
[WhiteElo "1755"]
[BlackElo "1387"]
[Annotator "NA RC"]
[PlyCount "54"]
[EventDate "2020.07.05"]
[EventType "team-tourn"]
[EventCountry "POL"]
[SourceTitle "playchess.com"]
[Source "ChessBase"]
[SourceQuality "1"]
[TimeControl "5400+30"]

1. e4 {[%emt 0:00:00]} c5 {[%emt 0:01:13]} 2. Nf3 {[%emt 0:00:00]} Nc6 {[%emt 0:00:06]} 3. b4 {[%emt 0:01:34]} cxb4 {[%emt 0:03:43]} 4. d4 {[%emt 0:00:05]} d5 {[%emt 0:00:59]} 5. exd5 {[%emt 0:00:06]} Qxd5 {[%emt 0:00:15]} 6. c4 {[%emt 0:00:06]} Qa5 {[%emt 0:09:47]} 7. d5 {[%emt 0:01:39]} Nd8 {[%emt 0:06:51]} 8. Be3 {[%emt 0:08:14]} Nf6 {[%emt 0:15:48]} 9. Nbd2 {[%emt 0:01:55]} e6 {[%emt 0:07:05]} 10. Nb3 {[%emt 0:01:25]} Qc7 {[%emt 0:00:55]} 11. Qd4 {[%emt 0:09:02]} exd5 {[%emt 0:03:22]} 12. cxd5 {[%emt 0:08:31]} Qc3+ {[%emt 0:10:27]} 13. Qxc3 {[%emt 0:00:03]} bxc3 {[%emt 0:00:07]} 14. Bc4 {[%emt 0:00:34]} a6 {[%emt 0:08:13]} 15. a4 {[%emt 0:00:32]} Bf5 {[%emt 0:07:36]} 16. O-O {[%emt 0:09:54]} Rc8 {[%emt 0:05:14]} 17. Rfe1 {[%emt 0:04:25]} Rxc4 {[%emt 0:06:41]} 18. Bd4+ {[%emt 0:00:07]} Ne6 {[%emt 0:02:23]} 19. Na5 {[%emt 0:09:00]} Rc8 {[%emt 0:03:23]} 20. Bxf6 {[%emt 0:00:48]} gxf6 {[%emt 0:00:31]} 21. Nd4 {[%emt 0:00:32]} Bg6 {[%emt 0:01:35]} 22. Nxb7 {[%emt 0:03:39]} Bh6 {[%emt 0:03:22]} 23. dxe6 {[%emt 0:00:58]} Rc7 {[%emt 0:01:18]} 24. Nd6+ {[%emt 0:02:17]} Ke7 {[%emt 0:00:05]} 25. N6f5+ {[%emt 0:00:14]} Kd8 {[%emt 0:01:00]} 26. Nxh6 {[%emt 0:00:24]} Rc4 {[%emt 0:00:22]} 27. e7+ {[%emt 0:01:41]} Kc7 {[%emt 0:00:34]} 1-0

[Event "DMP-III LIGA Senior PK 2020"]
[Site "Bystre"]
[Date "2020.07.09"]
[Round "3.4"]
[White "Korys, Dawid"]
[Black "Zajac, Karol"]
[Result "0-1"]
[WhiteElo "1343"]
[BlackElo "1652"]
[Annotator "NA RC"]
[PlyCount "56"]
[EventDate "2020.07.05"]
[EventType "team-tourn"]
[EventCountry "POL"]
[SourceTitle "playchess.com"]
[Source "ChessBase"]
[SourceQuality "1"]
[TimeControl "5400+30"]

1. d4 {[%emt 0:00:54]} d5 {[%emt 0:00:00]} 2. Bf4 {[%emt 0:00:09]} Nf6 {[%emt 0:00:00]} 3. e3 {[%emt 0:00:26]} e6 {[%emt 0:00:06]} 4. Bd3 {[%emt 0:00:15]} Bd6 {[%emt 0:00:11]} 5. Bxd6 {[%emt 0:01:39]} Qxd6 {[%emt 0:00:57]} 6. Nf3 {[%emt 0:00:23]} Qb4+ {[%emt 0:01:51]} 7. Nbd2 {[%emt 0:00:52]} Qxb2 {[%emt 0:01:04]} 8. O-O {[%emt 0:00:19]} O-O {[%emt 0:01:10]} 9. Ne5 {[%emt 0:08:02]} b6 {[%emt 0:03:45]} 10. g4 {[%emt 0:07:27]} Ba6 {[%emt 0:00:50]} 11. Qe2 {[%emt 0:09:13]} Qa3 {[%emt 0:01:47]} 12. g5 {[%emt 0:08:09]} Bxd3 {[%emt 0:00:23]} 13. Qxd3 {[%emt 0:00:14]} Qxd3 {[%emt 0:00:19]} 14. Nxd3 {[%emt 0:00:20]} Ne4 {[%emt 0:00:53]} 15. Nxe4 {[%emt 0:00:22]} dxe4 {[%emt 0:00:07]} 16. Ne5 {[%emt 0:00:31]} f6 {[%emt 0:02:53]} 17. gxf6 {[%emt 0:00:07]} gxf6 {[%emt 0:00:20]} 18. Ng4 {[%emt 0:00:13]} h5 {[%emt 0:00:29]} 19. Nxf6+ {[%emt 0:07:20]} Rxf6 {[%emt 0:00:10]} 20. Kh1 {[%emt 0:00:01]} Nd7 {[%emt 0:01:08]} 21. Rg1+ {[%emt 0:00:05]} Kf7 {[%emt 0:00:35]} 22. Rg5 {[%emt 0:00:06]} Rf5 {[%emt 0:00:24]} 23. Rag1 {[%emt 0:00:16]} Rxg5 {[%emt 0:00:22]} 24. Rxg5 {[%emt 0:00:06]} Nf6 {[%emt 0:00:18]} 25. h3 {[%emt 0:00:37]} Rg8 {[%emt 0:00:17]} 26. Rxg8 {[%emt 0:00:06]} Nxg8 {[%emt 0:00:23]} 27. Kg2 {[%emt 0:00:03]} Kg6 {[%emt 0:00:26]} 28. Kg3 {[%emt 0:00:09]} Kg5 {[%emt 0:01:12]} 0-1

[Event "DMP-III LIGA Senior PK 2020"]
[Site "Bystre"]
[Date "2020.07.09"]
[Round "3.5"]
[White "Materniak, Aleksander"]
[Black "Medrygal, Rafal"]
[Result "1-0"]
[WhiteElo "1660"]
[BlackElo "1258"]
[Annotator "NA RC"]
[PlyCount "63"]
[EventDate "2020.07.05"]
[EventType "team-tourn"]
[EventCountry "POL"]
[SourceTitle "playchess.com"]
[Source "ChessBase"]
[SourceQuality "1"]
[TimeControl "5400+30"]

1. e4 {[%emt 0:00:00]} e5 {[%emt 0:00:34]} 2. Nf3 {[%emt 0:00:00]} Nc6 {[%emt 0:00:10]} 3. Bb5 {[%emt 0:00:03]} Bc5 {[%emt 0:00:18]} 4. O-O {[%emt 0:01:02]} d6 {[%emt 0:00:26]} 5. c3 {[%emt 0:00:38]} a6 {[%emt 0:00:17]} 6. Ba4 {[%emt 0:00:33]} b5 {[%emt 0:00:14]} 7. Bc2 {[%emt 0:00:34]} Bg4 {[%emt 0:00:18]} 8. h3 {[%emt 0:01:55]} Bh5 {[%emt 0:00:18]} 9. d3 {[%emt 0:00:42]} Nf6 {[%emt 0:02:06]} 10. Bg5 {[%emt 0:01:41]} h6 {[%emt 0:00:41]} 11. Bh4 {[%emt 0:01:17]} g5 {[%emt 0:02:05]} 12. Bg3 {[%emt 0:01:36]} Qd7 {[%emt 0:01:06]} 13. b4 {[%emt 0:02:03]} Bb6 {[%emt 0:01:06]} 14. a4 {[%emt 0:00:19]} Ne7 {[%emt 0:01:20]} 15. axb5 {[%emt 0:00:43]} Ng6 {[%emt 0:01:22]} 16. Nbd2 {[%emt 0:04:30]} Nh4 {[%emt 0:01:13]} 17. bxa6 {[%emt 0:04:06]} Rg8 {[%emt 0:01:30]} 18. Kh2 {[%emt 0:05:52]} g4 {[%emt 0:01:06]} 19. Nxh4 {[%emt 0:04:22]} gxh3 {[%emt 0:00:45]} 20. Ndf3 {[%emt 0:09:18]} hxg2 {[%emt 0:02:59]} 21. Kxg2 {[%emt 0:01:12]} Ng4 {[%emt 0:00:54]} 22. Ba4 {[%emt 0:04:12]} c6 {[%emt 0:00:20]} 23. d4 {[%emt 0:01:54]} Ke7 {[%emt 0:03:50]} 24. d5 {[%emt 0:01:34]} Bxf2 {[%emt 0:00:36]} 25. Nf5+ {[%emt 0:02:29]} Qxf5 {[%emt 0:04:42]} 26. exf5 {[%emt 0:00:25]} Bxg3 {[%emt 0:07:48]} 27. Kxg3 {[%emt 0:08:35]} Ne3+ {[%emt 0:00:58]} 28. Kf2 {[%emt 0:01:32]} Nxd1+ {[%emt 0:00:30]} 29. Rfxd1 {[%emt 0:00:24]} e4 {[%emt 0:00:37]} 30. Bxc6 {[%emt 0:07:53]} Ra7 {[%emt 0:02:25]} 31. Rg1 {[%emt 0:02:02]} Rxg1 {[%emt 0:02:01]} 32. Nxg1 {[%emt 0:00:09]} 1-0

[Event "DMP-III LIGA Senior PK 2020"]
[Site "Bystre"]
[Date "2020.07.09"]
[Round "3.6"]
[White "Trybowska, Anna"]
[Black "Tarsa, Joanna"]
[Result "1/2-1/2"]
[WhiteElo "1583"]
[BlackElo "1574"]
[Annotator "NA RC"]
[PlyCount "42"]
[EventDate "2020.07.05"]
[EventType "team-tourn"]
[EventCountry "POL"]
[SourceTitle "playchess.com"]
[Source "ChessBase"]
[SourceQuality "1"]
[TimeControl "5400+30"]

1. d4 {[%emt 0:00:29]} f5 {[%emt 0:00:00]} 2. c4 {[%emt 0:00:12]} e6 {[%emt 0:00:00]} 3. Nc3 {[%emt 0:00:06]} d5 {[%emt 0:00:00]} 4. cxd5 {[%emt 0:00:27]} exd5 {[%emt 0:00:00]} 5. Nf3 {[%emt 0:00:07]} Nf6 {[%emt 0:00:32]} 6. Bg5 {[%emt 0:00:23]} c6 {[%emt 0:00:11]} 7. e3 {[%emt 0:00:24]} Bd6 {[%emt 0:00:15]} 8. Ne5 {[%emt 0:01:30]} O-O {[%emt 0:01:54]} 9. Bd3 {[%emt 0:00:59]} Qe8 {[%emt 0:02:00]} 10. f4 {[%emt 0:04:57]} Ne4 {[%emt 0:02:44]} 11. Bh4 {[%emt 0:03:36]} Be6 {[%emt 0:04:05]} 12. Be2 {[%emt 0:01:19]} Bf7 {[%emt 0:06:40]} 13. g4 {[%emt 0:02:59]} Be6 {[%emt 0:16:04]} 14. g5 {[%emt 0:01:52]} Nd7 {[%emt 0:10:25]} 15. Nxe4 {[%emt 0:05:38]} dxe4 {[%emt 0:03:09]} 16. Nxd7 {[%emt 0:02:00]} Qxd7 {[%emt 0:00:27]} 17. Rg1 {[%emt 0:00:51]} Be7 {[%emt 0:05:03]} 18. Qc2 {[%emt 0:02:48]} Rac8 {[%emt 0:04:50]} 19. Bc4 {[%emt 0:01:34]} Bxc4 {[%emt 0:01:01]} 20. Qxc4+ {[%emt 0:00:06]} Qd5 {[%emt 0:00:07]} 21. Rc1 {[%emt 0:01:44]} Kh8 {[%emt 0:01:31]} 1/2-1/2

[Event "DMP-III LIGA Senior PK 2020"]
[Site "Bystre"]
[Date "2020.07.09"]
[Round "3.7"]
[White "Piekarski, Lukasz"]
[Black "Lorenc, Marian"]
[Result "0-1"]
[WhiteElo "1901"]
[BlackElo "2124"]
[Annotator "TA"]
[PlyCount "49"]
[EventDate "2020.07.05"]
[EventType "team-tourn"]
[EventCountry "POL"]

{[%evp 9,49,-27,8,-54,-39,-68,-38,-71,-31,-36,-47,-54,-4,-23,-32,-85,-88,-87,-87,-92,-77,-70,-77,-88,-53,-94,-109,-83,-110,-112,-25,-69,-77,-72,-85,-670,-667,-798,278,-1540,0,-1999]} 1. e4 c5 2. b3 e6 3. Qe2 Nc6 4. Nf3 d6 5. Bb2 Nf6 6. Nc3 {C00: French: Unusual White 2nd moves.} (6. d4 $11) 6... Be7 7. O-O-O Nd4 8. Qe1 {Black is slightly better.} O-O 9. e5 dxe5 10. Nxe5 b6 {[#]} 11. Bd3 $146 ({Predecessor:} 11. h4 Bb7 12. h5 Nd5 13. Kb1 a5 14. f3 a4 15. Nxa4 b5 16. Bxb5 Nxb5 17. h6 {1-0 (31) Rathnakaran,K (2361)-Varshini,V (2191) Ho Chi Minh City 2019}) 11... Bb7 $36 {[%mdl 2048] Black is pushing.} 12. Qf1 (12. f3 $15) 12... a6 13. Rg1 b5 14. g4 c4 15. bxc4 bxc4 16. Nxc4 Rb8 17. Qh3 {[#] Black must now prevent g5.} g6 {[%mdl 1024] Black has strong compensation.} 18. g5 Nh5 19. Rg4 Nf5 ({Black should try} 19... Bxg5 $17 20. Ne5 Ba8) 20. Ne2 Bd5 21. Bxf5 exf5 22. Qc3 $2 {[%mdl 8192] [#]} (22. Rd4 $17) 22... Rxb2 $1 $19 23. Rd4 Ba3 $4 {[%mdl 8192]} (23... Rb5 $19 {and life is good for Black.} 24. a4 Rb7) 24. Qh3 $4 {[%mdl 8192]} ({Less strong is} 24. Nxb2 Qe7 $16) ({Worse is} 24. Nxa3 Rxa2 25. Nc4 Ra4 $15) (24. Qxa3 $18 Rb8 25. Nc3) 24... Be7 $2 (24... Rb3+ $19 25. Nxa3 Rxh3) 25. Rg4 $2 {[%mdl 8192] Accuracy: White = 37%, Black = 59%.} ({But not} 25. Kxb2 Bxg5 26. Ka1 Bf6 $17) (25. Qc3 $11) 0-1

[Event "DMP-III LIGA Senior PK 2020"]
[Site "Bystre"]
[Date "2020.07.09"]
[Round "3.8"]
[White "Marciniak, Leonard"]
[Black "Pasionek, Ariel"]
[Result "1/2-1/2"]
[WhiteElo "1672"]
[BlackElo "1914"]
[Annotator "TA"]
[PlyCount "51"]
[EventDate "2020.07.05"]
[EventType "team-tourn"]
[EventCountry "POL"]
[SourceTitle "playchess.com"]
[Source "ChessBase"]
[SourceQuality "1"]

{[%evp 21,51,34,41,8,14,0,35,-12,-12,-18,-11,-18,-9,-22,51,34,74,31,88,86,179,29,36,27,34,33,48,40,34,0,22,-84]} 1. e4 d5 2. exd5 Qxd5 3. Nc3 Qa5 4. d4 Nf6 5. Nf3 Bg4 6. h3 Bxf3 7. Qxf3 c6 8. Bc4 e6 9. O-O Be7 10. Bf4 O-O 11. a3 Nbd7 12. b4 {B01: Scandinavian Defence.} Qd8 {[#]} 13. Ne2 $146 ({Predecessor:} 13. Rfd1 Nb6 14. Bd3 Nbd5 15. Nxd5 Qxd5 16. Qe3 Rfe8 17. c4 Qd7 18. Be5 g6 19. g4 Qd8 {1-0 (36) Martins,B (2206)-Quintino,L (1841) Lisbon 2020}) 13... Nb6 14. Bd3 {White is slightly better.} Qd5 $1 15. Qe3 Nc4 16. Qc1 b5 17. Rd1 Nd6 ({Better is} 17... a5 $11) 18. Be5 $36 {[%mdl 2048] White is more active.} Nde8 19. c3 Qd7 (19... a5 $14) 20. a4 $16 Bd6 (20... Nd5 $16 {was called for.}) 21. Bxd6 (21. axb5 $18 cxb5 22. Ra5) 21... Nxd6 $11 22. a5 Nd5 23. Ng3 g6 24. Re1 Rfe8 25. f3 Nf5 26. Bxf5 {Accuracy: White = 51%, Black = 56%.} (26. Ne4 $11 {remains equal.}) 1/2-1/2

[Event "DMP-III LIGA Senior PK 2020"]
[Site "Bystre"]
[Date "2020.07.09"]
[Round "3.10"]
[White "Karas, Kacper"]
[Black "Wojciechowski, Beniamin"]
[Result "1/2-1/2"]
[WhiteElo "1150"]
[BlackElo "1835"]
[Annotator "NA RC"]
[PlyCount "47"]
[EventDate "2020.07.05"]
[EventType "team-tourn"]
[EventCountry "POL"]
[SourceTitle "playchess.com"]
[Source "ChessBase"]
[SourceQuality "1"]
[TimeControl "5400+30"]

{[%evp 8,45,20,32767,32767,32767,32767,32767,32767,32767,32767,32767,32767,32767,32767,32767,32767,32767,32767,32767,32767,-145,-7,-16,150,78,87,81,67,32767,78,75,45,35,129,114,118,100,107,35]} 1. c4 {[%emt 0:00:00]} c6 {[%emt 0:00:01]} 2. g3 {[%emt 0:00:29]} d5 {[%emt 0:00:22]} 3. d4 {[%emt 0:00:28]} Nf6 {[%emt 0:00:07]} 4. Bg2 {[%emt 0:00:51]} e6 {[%emt 0:00:52]} 5. Nc3 {[%emt 0:01:47]} Nbd7 {[%emt 0:01:23]} 6. b3 {[%emt 0:02:25] [#] E01: Catalan: Early deviations.} dxc4 $146 {[%emt 0:07:04]} ({Predecessor:} 6... Be7 7. e3 O-O 8. Nge2 Re8 9. O-O dxc4 10. bxc4 Nb6 11. Qb3 Bf8 12. a4 Qc7 13. a5 Nbd7 14. Ba3 Bxa3 15. Rxa3 e5 16. d5 {1-0 (40) Alves da Silva,T (2055)-Da Silva,J (1615) Teresina 2019}) 7. bxc4 {[%emt 0:03:01]} Bb4 {[%emt 0:45:07]} 8. Qb3 {[%emt 0:18:12]} Qa5 {[%emt 0:07:24]} 9. Bb2 {[%emt 0:01:14]} e5 {[%emt 0:01:41]} 10. a3 {[%emt 0:03:58]} Be7 {[%emt 0:01:49]} 11. e3 {[%emt 0:02:07]} exd4 {[%emt 0:00:32]} 12. exd4 {[%emt 0:00:14]} Nb6 {[%emt 0:01:51]} 13. Nf3 {[%emt 0:05:48]} Be6 {[%emt 0:02:29]} 14. Ne5 {[%emt 0:02:18] [#]} (14. d5 $15 cxd5 15. cxd5 Bxd5 16. Qb5+ Qxb5 17. Nxb5) 14... O-O-O {[%emt 0:21:02]} (14... Nfd7 $1 $17 {[%cal Rd7e5]} 15. d5 Nxe5 16. dxe6 Nd3+ 17. Kf1 O-O) 15. O-O {[%emt 0:21:00]} Nfd7 {[%emt 0:01:34] [#]} (15... Bd6 $11) 16. Nxd7 {[%emt 0:07:11]} (16. Nxc6 $142 $1 bxc6 17. d5) 16... Rxd7 {[%emt 0:00:06]} 17. d5 $1 {[%emt 0:00:18]} cxd5 {[%emt 0:00:28]} 18. cxd5 {[%emt 0:00:46]} Nxd5 {[%emt 0:01:02]} 19. Nxd5 {[%emt 0:00:59]} Bxd5 {[%emt 0:00:21]} 20. Bxd5 {[%emt 0:00:23]} Rxd5 {[%emt 0:00:33]} ({Black should play} 20... Qxd5 $14 21. Qc3+ Kb8) 21. Bxg7 {[%emt 0:01:12]} Rhd8 {[%emt 0:01:58]} 22. Rfc1+ {[%emt 0:02:06]} Kb8 {[%emt 0:01:20] [#]} 23. Bc3 $14 {[%emt 0:01:55]} (23. Bh6 $1 $16) 23... Qb5 {[%emt 0:01:37]} 24. Qa2 1/2-1/2

[Event "DMP-III LIGA Senior PK 2020"]
[Site "Bystre"]
[Date "2020.07.09"]
[Round "3.11"]
[White "Borukalo, Zdzislaw"]
[Black "Mastej, Krzysztof"]
[Result "1/2-1/2"]
[WhiteElo "1679"]
[BlackElo "1303"]
[Annotator "NA RC"]
[PlyCount "51"]
[EventDate "2020.07.05"]
[EventType "team-tourn"]
[EventCountry "POL"]
[SourceTitle "playchess.com"]
[Source "ChessBase"]
[SourceQuality "1"]
[TimeControl "5400+30"]

1. e4 {[%emt 0:00:00]} e5 {[%emt 0:00:00]} 2. Nf3 {[%emt 0:00:00]} Nc6 {[%emt 0:00:06]} 3. d4 {[%emt 0:00:00]} exd4 {[%emt 0:00:26]} 4. Bc4 {[%emt 0:00:00]} Nf6 {[%emt 0:00:28]} 5. e5 {[%emt 0:00:36]} d5 {[%emt 0:00:42]} 6. Bb5 {[%emt 0:00:16]} Ne4 {[%emt 0:01:05]} 7. Nxd4 {[%emt 0:00:16]} Bc5 {[%emt 0:00:46]} 8. Be3 {[%emt 0:06:11]} Bd7 {[%emt 0:03:00]} 9. Bxc6 {[%emt 0:02:09]} bxc6 {[%emt 0:01:05]} 10. Nd2 {[%emt 0:03:54]} Qe7 {[%emt 0:04:59]} 11. N2f3 {[%emt 0:06:54]} O-O {[%emt 0:04:15]} 12. c3 {[%emt 0:05:57]} Rab8 {[%emt 0:05:13]} 13. Qe2 {[%emt 0:08:41]} Rfe8 {[%emt 0:04:34]} 14. h3 {[%emt 0:06:46]} a5 {[%emt 0:04:34]} 15. O-O {[%emt 0:04:56]} h6 {[%emt 0:05:27]} 16. Bf4 {[%emt 0:09:18]} Ba7 {[%emt 0:05:07]} 17. e6 {[%emt 0:08:03]} fxe6 {[%emt 0:02:55]} 18. Bxc7 {[%emt 0:01:28]} Rb7 {[%emt 0:04:01]} 19. Bxa5 {[%emt 0:00:26]} Reb8 {[%emt 0:01:26]} 20. Bb4 {[%emt 0:08:15]} Qf6 {[%emt 0:02:17]} 21. Ba3 {[%emt 0:08:39]} e5 {[%emt 0:06:32]} 22. Nc2 {[%emt 0:04:53]} Ng3 23. Qxe5 {[%emt 0:01:15]} Qxe5 {[%emt 0:05:38]} 24. Nxe5 {[%emt 0:00:14]} Nxf1 {[%emt 0:00:13]} 25. Nxd7 {[%emt 0:00:51]} Rxd7 {[%emt 0:00:25]} 26. Kxf1 {[%emt 0:00:20]} 1/2-1/2

[Event "DMP-III LIGA Senior PK 2020"]
[Site "Bystre"]
[Date "2020.07.09"]
[Round "3.12"]
[White "Uliasz, Katarzyna"]
[Black "Krzysztynska, Anna"]
[Result "0-1"]
[WhiteElo "1386"]
[BlackElo "1857"]
[Annotator "NA RC"]
[PlyCount "56"]
[EventDate "2020.07.05"]
[EventType "team-tourn"]
[EventCountry "POL"]
[SourceTitle "playchess.com"]
[Source "ChessBase"]
[SourceQuality "1"]
[TimeControl "5400+30"]

1. e4 e5 2. Nf3 Nc6 3. d4 exd4 4. Nxd4 d6 5. Nc3 Nf6 6. Bg5 Be7 7. f3 Bd7 8. Nb3 a6 9. Qd2 O-O 10. O-O-O b5 11. h4 Ne5 12. Na5 Rb8 13. Nd5 Nxd5 14. exd5 Bf6 15. f4 Ng4 16. Bd3 h6 17. Bxf6 Qxf6 18. Nc6 Bxc6 19. dxc6 d5 20. h5 Rfe8 21. Rde1 Qxc6 22. Bf5 Nf6 23. g4 Ne4 24. Bxe4 dxe4 25. g5 e3 26. Qd3 Rbd8 27. Qb3 e2 28. gxh6 Qxh1 0-1

[Event "DMP-III LIGA Senior PK 2020"]
[Site "Bystre"]
[Date "2020.07.09"]
[Round "3.13"]
[White "Kopczyk, Daniel"]
[Black "Lopuszanski, Kamil"]
[Result "1-0"]
[WhiteElo "2137"]
[BlackElo "1995"]
[Annotator "TA"]
[PlyCount "142"]
[EventDate "2020.07.05"]
[EventType "team-tourn"]
[EventCountry "POL"]
[SourceTitle "playchess.com"]
[Source "ChessBase"]
[SourceQuality "1"]

{[%evp 18,142,93,80,68,38,89,76,107,94,108,57,45,36,46,30,56,27,35,23,56,57,59,58,72,79,76,71,88,81,77,79,79,73,110,110,102,102,94,83,87,87,87,87,104,41,79,81,72,0,2,0,0,0,75,61,64,66,75,77,102,98,100,74,114,63,129,108,145,96,108,108,115,104,122,114,202,189,256,252,251,251,222,131,283,234,764,597,591,584,530,539,981,916,771,459,710,455,2097,2086,1412,1042,6106,6106,5515,1969,2011,0,710,0,1345,1042,1275,1075,29976,29976,29981,4133,6402,6402,29990,6115,29991,29992,29992,29993,29993]} 1. d4 Nf6 2. c4 g6 3. Nc3 Bg7 4. e4 O-O 5. Be2 d6 6. Bg5 h6 7. Be3 Nbd7 8. Qd2 Kh7 9. h4 e5 10. d5 Nc5 {E73: King's Indian: Averbakh Variation without 6...c5.} 11. Qc2 a5 (11... h5 $14) 12. h5 $16 g5 {White is better.} 13. f3 {[#]} g4 $146 ({Predecessor:} 13... c6 14. g4 cxd5 15. cxd5 Bd7 16. Nh3 Ne8 17. Nf2 Rc8 18. Qd2 Nc7 19. O-O Qe8 {1-0 (64) Alavi,H (2017)-Asgharzadeh,M (2193) Rasht 2019}) 14. f4 (14. O-O-O $16) 14... Qe7 15. f5 Bd7 16. O-O-O c6 17. Bxc5 dxc5 18. Kb1 Rg8 19. dxc6 Bxc6 20. Bd3 Ne8 21. Nge2 Bf6 22. Ng3 Bh4 23. f6 Bxf6 24. Nf5 Qe6 25. Nd5 {[%mdl 1024] White has strong compensation.} Rg5 26. Qf2 Rc8 27. Rdf1 ({Much worse is} 27. Qxc5 Ba4 $14) 27... Bd7 28. Qe3 Bd8 29. Rf2 f6 30. Be2 Qf7 31. Ng3 (31. Qg3 $16) 31... Ng7 32. Rhf1 {[%cal Rf2f6] Black must now prevent Rxf6.} Rc6 {[#]} 33. Qb3 (33. Bd1 $1 $16) 33... b6 34. Qd1 Rd6 35. a3 Nxh5 (35... Kh8 $11 {remains equal.}) 36. Nxh5 Rxh5 37. Bxg4 Bxg4 38. Qxg4 Rg5 39. Qe2 Qg6 40. Ka2 Kg8 41. Qc2 ({White should try} 41. Rd1 $16) 41... Rg3 (41... Rg4 $14) 42. Re2 Rd7 43. Qd2 Kf8 44. Ref2 Kg7 45. Qc2 Rf7 46. Re2 Rg5 (46... Qg5 $16) 47. Ne3 $18 Be7 (47... Rd7 {keeps fighting.} 48. Nf5+ Kf8) 48. Nf5+ Kh7 49. Rd1 Qg8 50. Rd7 (50. Qb3 $18) 50... Qe8 $2 {[#]} (50... Bf8 $16 {was called for.} 51. Rd8 b5) 51. Red2 Rxg2 $2 (51... Bf8 52. Rd8 Qc6) 52. Rxe7 Rxd2 53. Rxf7+ (53. Rxe8 $2 {perishes.} Rxc2 54. Rb8 h5 $19) ({Weaker is} 53. Qxd2 Rxe7 54. Qxh6+ Kg8 $16) 53... Qxf7 54. Qxd2 Qxc4+ 55. b3 Qf7 56. Qxh6+ Kg8 57. Nd6 Qe6 (57... Qe7 $142 58. Nf5 Qf7) 58. Qg6+ Kf8 59. Nf5 a4 60. Qh6+ Kf7 61. Qh5+ (61. Qh7+ $142 Kf8 62. Ka1) 61... Kg8 62. Qg6+ (62. Qh3 $142 Kf7 63. Qh7+ Kf8 64. Ka1) 62... Kf8 63. Qh6+ (63. Ka1 $142) 63... Kf7 64. Qh3 Kf8 65. Kb2 b5 66. bxa4 bxa4 67. Qd3 (67. Qh8+ $142 Kf7 68. Qh7+ Kf8 69. Qb7 Qb3+ 70. Qxb3 axb3 71. Kxb3 Kf7 72. a4) 67... Qb6+ 68. Kc2 Qa7 69. Qd8+ Kf7 70. Qh8 Qd7 71. Qg7+ Ke6 {Accuracy: White = 77%, Black = 52%.} 1-0